Tilastot visalle Suomen kuntien lempinimet

Klikkaa tästä pelataksesi tätä visaa!

Yleistilastot

  • Tätä visaa on pelattu 78 kertaa
  • Keskiarvotulos 41 / 90

Vastaustilastot

LempinimiKunta% Oikein
Rollo / Roi / Joulupukin KotikaupunkiRovaniemi
95%
Betonihelvetti / Kouvostoliitto / TšernobylKouvola
94%
Stadi / Hesa / Homo City / Itämeren HelmiHelsinki
92%
KajjjaaniKajaani
90%
Manse, NääsvilleTampere
89%
Suomen Persereikä / TurkkuneTurku
89%
Kalakukkokaupunki / Mualiman NapaKuopio
87%
Paska Kaupunni / Pohjolan Valkea KaupunkiOulu
85%
Suomen Ateena / Jypinkylä / Nykäskylä / RyynibyJyväskylä
84%
Kempton / Kemingrad / Perämeren MonacoKemi
84%
Suomen ChicagoLahti
84%
Foge / Forston / VorssaForssa
82%
Lepra / Lapentski / VIllimiehenrantaLappeenranta
82%
Fisujoki / Kalafornia / KjokiKalajoki
79%
KangasalabamaKangasala
79%
Kokkelpyy / Kuk-kulaKokkola
79%
Ässlinna / Slinna / NyyslottiSavonlinna
79%
Hämpton / Hämppy / Valaistu HautausmaaHämeenlinna
77%
Kempton / KerpeleKempele
76%
Imis / Ibitsa / SumatraImatra
73%
Aurinkokaupunki / Armonlaakso / NådeNaantali
73%
RiksuRiihimäki
73%
Karhukaupunki / SuippolaPori
71%
Kurakauppala / Sjoki / Nottajoki / WallriverSeinäjoki
69%
VandalusiaVantaa
69%
NoksuNokia
66%
Jäke / JäketsuikkeliJärvenpää
63%
MiksuMikkeli
63%
Pyssykylä / SodisSodankylä
63%
TussulaTuusula
63%
Suomen Los Angeles / Bönde / Villi-LänsiEspoo
61%
Boom CityVaasa
61%
NurtsiNurmijärvi
60%
IideniIisalmi
58%
JönssiJoensuu
58%
TorkkuTornio
58%
GraniKauniainen
56%
YmpyräkaupunkiHamina
55%
KrisseKristiinankaupunki
52%
Kotham CityKotka
50%
PudisPudasjärvi
50%
HygeHyvinkää
48%
WarkisVarkaus
48%
MynisMynämäki
45%
EnisEnontekiö
44%
HyryHyrynsalmi
44%
BonehillLuumäki
44%
Uki / Uganda / ÄmpärporiUusikaupunki
44%
Kemppa CityKemijärvi
42%
KoskiValkeakoski
39%
SherwoodKerava
35%
LeijonapitäjäRuokolahti
35%
SotšiSotkamo
35%
JeppisPietarsaari
34%
InvalaNivala
32%
NousteNousiainen
32%
P-TownPorvoo
32%
SippuriSipoo
32%
Suomen Suurin Risteys / ResooRaisio
31%
Pesäpallon KehtoVimpeli
31%
YkäYlivieska
31%
SubutexasRaahe
29%
Huitsin NevadaHuittinen
27%
TeelusikkaKoski Tl
27%
SpänkhillPieksämäki
27%
KyrsäläKirkkonummi
23%
Savis / KuramutkaSavitaipale
23%
Tyly KaupunkiHeinola
21%
Savon PariisiJoroinen
19%
AlaskaAlavieska
18%
Ison Lusikan PitäjäKauhajoki
16%
HetjärviAlajärvi
15%
Perämeren HelmiHailuoto
15%
KuningaskuntaHartola
15%
Suomen NamibiaKarkkila
13%
TurpakukkulaKärsämäki
11%
PittsburghPihtipudas
11%
VallatHarjavalta
10%
TappikoskiTaivalkoski
10%
Maailman Vanhin PaikkaLoimaa
8%
BaltimorePaltamo
8%
SumiSuomussalmi
8%
Orlando / OlaOrimattila
6%
PersnaruPuolanka
6%
Kansas CityKannus
5%
KonalaKontiolahti
5%
MorajärviKiuruvesi
3%
Nokiottien PitäjäKuortane
3%
PröttisMerikarvia
3%
HapisHaapamäki
2%

Tulosjakauma

Persentiili vastausten määrän mukaan

Jokaisen tuloksen saaneiden osuus

Tuloshistoriasi

Et ole pelannut tätä visaa